Bài giảng môi trường và quản lý tài nguyên thiên nhiên

Bài giảng gồm 18 chương giới thiệu đại cương về môi trường, phương pháp cải thiện môi trường, hệ sinh thái, sự phát triển của dân số, sử dụng tài nguyên đất v.v...

Đã lưu trong:
Bibliografiske detaljer
Hovedforfatter: Nguyễn, Hữu Chiếm
Format: Bog
Sprog:Undetermined
Udgivet: Cần Thơ Trường Đại học Cần Thơ 2000
Fag:
Tags: Tilføj Tag
Ingen Tags, Vær først til at tagge denne postø!
Thư viện lưu trữ: Trung tâm Học liệu Trường Đại học Cần Thơ
LEADER 01170nam a2200229Ia 4500
001 CTU_38428
008 210402s9999 xx 000 0 und d
082 |a 363.7 
082 |b Ch304 
100 |a Nguyễn, Hữu Chiếm 
245 0 |a Bài giảng môi trường và quản lý tài nguyên thiên nhiên 
245 0 |c Nguyễn Hữu Chiếm (Biên soạn) 
260 |a Cần Thơ 
260 |b Trường Đại học Cần Thơ 
260 |c 2000 
520 |a Bài giảng gồm 18 chương giới thiệu đại cương về môi trường, phương pháp cải thiện môi trường, hệ sinh thái, sự phát triển của dân số, sử dụng tài nguyên đất v.v... 
526 |a Vật lý môi trường 
526 |b SP372 
650 |a Agriculture,Environmental economics,Environmental engineering,Environmental management,Environmental protection,Environmental sciences,Fishery,Forests and forestry 
650 |x Environmental aspects,Environmental aspects,Environmental aspects 
904 |i Minh 
980 |a Trung tâm Học liệu Trường Đại học Cần Thơ